<?xml version="1.0" encoding="UTF-8"?><?xml-stylesheet type="text/xsl" href="static/style.xsl"?><OAI-PMH xmlns="http://www.openarchives.org/OAI/2.0/" xmlns:xsi="http://www.w3.org/2001/XMLSchema-instance" xsi:schemaLocation="http://www.openarchives.org/OAI/2.0/ http://www.openarchives.org/OAI/2.0/OAI-PMH.xsd"><responseDate>2026-04-18T14:57:47Z</responseDate><request verb="GetRecord" identifier="oai:riubu.ubu.es:10259/7141" metadataPrefix="marc">https://riubu.ubu.es/oai/request</request><GetRecord><record><header><identifier>oai:riubu.ubu.es:10259/7141</identifier><datestamp>2022-11-25T01:05:35Z</datestamp><setSpec>com_10259_5363</setSpec><setSpec>com_10259_5086</setSpec><setSpec>com_10259_2604</setSpec><setSpec>com_10259_4313</setSpec><setSpec>col_10259_5364</setSpec><setSpec>col_10259_4314</setSpec></header><metadata><record xmlns="http://www.loc.gov/MARC21/slim" xmlns:doc="http://www.lyncode.com/xoai" xmlns:xsi="http://www.w3.org/2001/XMLSchema-instance" xmlns:dcterms="http://purl.org/dc/terms/" xsi:schemaLocation="http://www.loc.gov/MARC21/slim http://www.loc.gov/standards/marcxml/schema/MARC21slim.xsd">
<leader>00925njm 22002777a 4500</leader>
<datafield tag="042" ind1=" " ind2=" ">
<subfield code="a">dc</subfield>
</datafield>
<datafield tag="720" ind1=" " ind2=" ">
<subfield code="a">González Ceballos, Lara</subfield>
<subfield code="e">author</subfield>
</datafield>
<datafield tag="720" ind1=" " ind2=" ">
<subfield code="a">Guirado Moreno, José Carlos</subfield>
<subfield code="e">author</subfield>
</datafield>
<datafield tag="720" ind1=" " ind2=" ">
<subfield code="a">Utzeri, Gianluca</subfield>
<subfield code="e">author</subfield>
</datafield>
<datafield tag="720" ind1=" " ind2=" ">
<subfield code="a">García Pérez, José Miguel</subfield>
<subfield code="e">author</subfield>
</datafield>
<datafield tag="720" ind1=" " ind2=" ">
<subfield code="a">Fernández Muiño, Miguel Ángel</subfield>
<subfield code="e">author</subfield>
</datafield>
<datafield tag="720" ind1=" " ind2=" ">
<subfield code="a">Osés Gómez, Sandra María</subfield>
<subfield code="e">author</subfield>
</datafield>
<datafield tag="720" ind1=" " ind2=" ">
<subfield code="a">Sancho Ortiz, María Teresa</subfield>
<subfield code="e">author</subfield>
</datafield>
<datafield tag="720" ind1=" " ind2=" ">
<subfield code="a">Arnáiz Alonso, Ana</subfield>
<subfield code="e">author</subfield>
</datafield>
<datafield tag="720" ind1=" " ind2=" ">
<subfield code="a">Valente, Artur J. M.</subfield>
<subfield code="e">author</subfield>
</datafield>
<datafield tag="720" ind1=" " ind2=" ">
<subfield code="a">Vallejos Calzada, Saúl</subfield>
<subfield code="e">author</subfield>
</datafield>
<datafield tag="260" ind1=" " ind2=" ">
<subfield code="c">2023-03</subfield>
</datafield>
<datafield tag="520" ind1=" " ind2=" ">
<subfield code="a">Glucose oxidase (GOX) and catalase (CAT) regulate the amount of H2O2 in honey, by generating or consuming it, so they are related to the antibacterial and antioxidant activity of honey. However, their activities are hardly analysed, since the process requires a previous dialysis that is non-selective, very time-consuming (>24 h), eco-unfriendly (>6L of buffer) and expensive. This research shows the design and performance of a material that selectively removes the actual interferents. The film-shaped-polymer is immersed for 90́ within a honey solution (12.5 mL of buffer), where it interacts exclusively with 1,2-dihydroxybenzenes, which we proved to be the real interferents (the material contains motifs derived from phenylboronic acid to interact with 1,2-diols). Polymeric chains favour condensation to occur exclusively with 1,2-dihydroxybenzenes, excluding monosaccharides. The interferents’ removal using our designed polymer is selective, low cost (1.42€ per test), rapid and eco-friendly (saves 6L of buffer and 20.5 h of experimental workout per sample).</subfield>
</datafield>
<datafield tag="024" ind2=" " ind1="8">
<subfield code="a">0308-8146</subfield>
</datafield>
<datafield tag="024" ind2=" " ind1="8">
<subfield code="a">http://hdl.handle.net/10259/7141</subfield>
</datafield>
<datafield tag="024" ind2=" " ind1="8">
<subfield code="a">10.1016/j.foodchem.2022.134789</subfield>
</datafield>
<datafield ind1=" " ind2=" " tag="653">
<subfield code="a">Catechol</subfield>
</datafield>
<datafield ind1=" " ind2=" " tag="653">
<subfield code="a">1,2-Dihydroxybenzene</subfield>
</datafield>
<datafield ind1=" " ind2=" " tag="653">
<subfield code="a">Phenylboronic acid</subfield>
</datafield>
<datafield ind1=" " ind2=" " tag="653">
<subfield code="a">Glucose oxidase</subfield>
</datafield>
<datafield ind1=" " ind2=" " tag="653">
<subfield code="a">Catalase</subfield>
</datafield>
<datafield ind1=" " ind2=" " tag="653">
<subfield code="a">Honey</subfield>
</datafield>
<datafield tag="245" ind1="0" ind2="0">
<subfield code="a">Straightforward purification method for the determination of the activity of glucose oxidase and catalase in honey by extracting polyphenols with a film-shaped polymer</subfield>
</datafield>
</record></metadata></record></GetRecord></OAI-PMH>